Νεοελληνικά αναγνώσματα : δια την Α' τάξιν των γυμνασίων

Αποθηκεύτηκε σε:
Λεπτομέρειες βιβλιογραφικής εγγραφής
Άλλοι συγγραφείς: Κοντογιάννης, Δημ. Ι.
Μορφή: Βιβλίο
Γλώσσα:Greek
Δημοσίευση: Εν Αθήναις : Οργανισμός Εκδόσεως Σχολικών Βιβλίων, 1940
Θέματα:
Ετικέτες: Προσθήκη ετικέτας
Δεν υπάρχουν, Καταχωρήστε ετικέτα πρώτοι!

MARC

LEADER 00000cam a2200000 i 4500
001 1/99015
008 081209s1940 gre d
035 |l 10102301 
040 |a GR-MY-UA  |b gre  |e aacr 
041 0 |a gre 
082 0 |a 889.0712  |2 (22) 
245 1 0 |a Νεοελληνικά αναγνώσματα :  |b δια την Α' τάξιν των γυμνασίων /  |c Δημ. Κοντογιάννη...[κ.ά.] 
260 |a Εν Αθήναις :   |b Οργανισμός Εκδόσεως Σχολικών Βιβλίων,   |c 1940 
300 |a 232 σ.;  |c 20 εκ. 
650 0 0 |a Greek language, Modern  |x Study and teaching (Secondary) 
650 0 0 |a Greek literature, Modern  |x Study and teaching (Secondary) 
700 1 |a Κοντογιάννης, Δημ. Ι. 
852 |a INST  |b RHODES  |c AKA  |e 20081209  |h  889.0712 ΚΟΝ  |p 005400031533  |q 005400031533  |t BK  |y 0 
901 |a BIBL4-2008-3 
909 |a Ρ  |b 156582 
970 |a ΧΑΡΙΟΠΟΛΙΤΟΥ  |b ΚΩΝΣΤΑΝΤΙΝΑ  |z 2008/12/09